Análisis económico (Registro nro. 5625)

Detalles MARC
000 -LEADER
fixed length control field 02954 a2200253 4500
001 - CONTROL NUMBER
control field 54545
005 - DATE AND TIME OF LATEST TRANSACTION
control field 20260407155819.0
008 - FIXED-LENGTH DATA ELEMENTS--GENERAL INFORMATION
fixed length control field 260407a1967 arg spa d
003 - CONTROL NUMBER IDENTIFIER
control field AR-UNSa-BCEJYS
040 ## - CATALOGING SOURCE
Original cataloging agency AR-UNSa-BCEJYS
Language of cataloging spa
Transcribing agency AR-UNSa-BCEJYS
080 ## - UNIVERSAL DECIMAL CLASSIFICATION NUMBER
Universal Decimal Classification number 330.101
Common auxiliary subdivision Ciencia económica en general. La economía y sus problemas. Objeto y métodos de la economía política
041 ## - LANGUAGE CODE
Language code of text/sound track or separate title spa
100 1# - MAIN ENTRY--PERSONAL NAME
Personal name Boulding, Kenneth E.
245 10 - TITLE STATEMENT
Title Análisis económico
Name of part/section of a work microeconomía y macroeconomía
250 ## - EDITION STATEMENT
Edition statement 9a. ed.
264 #1 - PRODUCTION, PUBLICATION, DISTRIBUTION, MANUFACTURE, AND COPYRIGHT NOTICE
Place of production, publication, distribution, manufacture Madrid :
Name of producer, publisher, distributor, manufacturer Alianza Editorial
Date of production, publication, distribution, manufacture, or copyright notice 1967
300 ## - PHYSICAL DESCRIPTION
Extent 1064 p.
Dimensions 23 cm.
505 ## - FORMATTED CONTENTS NOTE
Formatted contents note Primera parte: Microeconomía - 1. Tarea y métodos del análisis económico - 2. El cambio como el organizador de la especialización - 3. Algunas aplicaciones de la teoría elemental del cambio - 4. Un modelo elemental del sistema de precios - 5. Aplicaciones del modelo elemental: El desarrollo - 6. Asignación y distribución: El principio de igual ventaja - 7. La teoría del precio de mercado en mercados de competencia perfecta - 8. Oferta y demanda en un mercado de competencia - 9. Algunas aplicaciones de la teoría del precio de mercado - 10. La teoría del precio normal - 11. Aplicaciones del análisis de la oferta y la demanda - 12. Otras aplicaciones del análisis de la oferta y la demanda - 13. Los precios de los factores de producción - 14. La dinámica de la oferta y la demanda - 15. La organización económica - 16. La empresa como una organización económica - 17. La teoría de la empresa comercial - 18. La empresa industrial - 19. La derivación de las curvas de oferta a partir de las curvas de corte - 20. Funciones de producción con un factor variable - 21. Otros problemas de la teoría del monopolio - 22. Competencia imperfecta - 23. Aplicaciones del análisis marginal: La regulación de la competencia y del monopolio - 24. La teoría elemental de las decisiones familiares - 25. El análisis con tres variables de la empresa - 26. Análisis con tres variables(continuación) - 27. Las curvas de indiferencia y la teoría de la elección óptima - 28. Aplicaciones del análisis de las curvas de indiferencia - 29. Capital,tiempo y valoración - 30. El tiempo en las decisiones económicas - Segunda parte: Macroeconomía - 31. Magnitudes globales y promedios económicos - 32. La medición de las magnitudes globales económicas - 33. Modelos macroeconómicos: Modelos de producción y consumo - 34. Modelos macroeconómicos: Modelos de la circulación monetaria y del intercambio - 35. El ssitema financiero - 36. Ahorro e interés - 37. Relaciones económicas internacionales - 38. Modelos dinámicos - 39. Fluctuaciones económicas y crecimiento económico - 40. El impacto del Estado - 41. Economía positiva y economía normativa
590 ## - LOCAL NOTE (RLIN)
Local note niveau_biblio:m niveau_hierar:0
700 1# - ADDED ENTRY--PERSONAL NAME
Personal name Bramtot, Juan A.
700 1# - ADDED ENTRY--PERSONAL NAME
Personal name Iglesias, Antonio
700 1# - ADDED ENTRY--PERSONAL NAME
Personal name Paredes, Miguel
942 ## - ADDED ENTRY ELEMENTS (KOHA)
Koha item type
Existencias
Withdrawn status Lost status Damaged status Not for loan Home library Current library Shelving location Date acquired Total checkouts Full call number Barcode Date last seen Price effective from Koha item type
        Biblioteca Prof. Eusebio Cleto del Rey Biblioteca Prof. Eusebio Cleto del Rey   07/04/2026   330.101 B763 9ed. L23389 07/04/2026 07/04/2026 Libro